Embriologia basica (Registro nro. 2979)
[ vista simple ]
| 000 -LEADER | |
|---|---|
| fixed length control field | 00244dam a22000977a 4500 |
| 008 - FIXED-LENGTH DATA ELEMENTS--GENERAL INFORMATION | |
| fixed length control field | 190527e1995 mx ||||| |||| 00| 0 spa d |
| 100 ## - MAIN ENTRY--PERSONAL NAME | |
| Personal name | Moore, Keith L. |
| 9 (RLIN) | 137 |
| 245 ## - TITLE STATEMENT | |
| Title | Embriologia basica |
| 260 ## - PUBLICATION, DISTRIBUTION, ETC. (IMPRINT) | |
| Place of publication, distribution, etc | Mexico |
| Name of publisher, distributor, etc | Interamericana |
| Date of publication, distribution, etc | 1995 |
| 500 ## - GENERAL NOTE | |
| General note | Baja |
| Withdrawn status | Lost status | Source of classification or shelving scheme | Damaged status | Use restrictions | Not for loan | Location (home branch) | Sublocation or collection (holding branch) | Shelving location | Date acquired | Koha issues (times borrowed) | Piece designation (barcode) | Koha date last seen | Copy number | Price effective from | Koha item type | Public note |
|---|---|---|---|---|---|---|---|---|---|---|---|---|---|---|---|---|
| Dewey Decimal Classification | Restricted Access | Not For Loan | Biblioteca Medicina | Biblioteca Medicina | Staff Office | 27/05/2019 | 298 | 24/06/2019 | Ej. | 27/05/2019 | Libros | Baja |